00876nam a2200217 i 450000100060000000300090000600500170001500700030003200800410003510000270007624501680010325000150027126000430028630000290032970000490035870000410040770000390044885200320048799900170051995201220053684510ES-MaACL20250820215423.0t|041123s1970 sp ||||1| spa d1 aJohansen, Leif.96672213aEconomía pública / cLeif Johansen ; prólogo de Enrique Fuentes Quintana ; traducción de Gabriel Martínez Deixamps ; revisión Victorio Valle Sánchez. a[1ª ed.]. a[Barcelona] : bVicens-Vives, c[1970] aXXIII, 341 p. ; c22 cm.1 aFuentes Quintana, Enrique,d1924-20079529421 aMartínez Deixamps, Gabriel.9780411 aValle Sánchez, Victorio.9112819 aES-MaACLjC-56277 bR.89146 c84510d84510 00104070aATENEOMbATENEOMcDEPO2d2008-01-17eSCl0oC-56277p1088315r2023-02-23 00:00:00w2023-02-23yMONOGRAFIA